Diseño de instalación eléctrica y de iluminación par el proyecto de rehabilitación del estadio municipal Pipilo Umaña de Moravia
Gardado en:
| Autor Principal: | |
|---|---|
| Outros autores: | |
| Formato: | Libro |
| Idioma: | Spanish |
| Publicado: |
[San José ], Costa Rica
2017
|
| Materias: | |
| Etiquetas: |
Engadir etiqueta
Sen Etiquetas, Sexa o primeiro en etiquetar este rexistro!
|
MARC
| LEADER | 00000nam a22000007a 4500 | ||
|---|---|---|---|
| 003 | 012714 | ||
| 005 | 20231128101145.0 | ||
| 008 | 171009b2017 cr a|||| |m|| 00| ||spa d | ||
| 040 | |c cru CEDI | ||
| 090 | |a TFG 7865 | ||
| 100 | |a Zamora Sequeira, Bernal, 1980- |9 1893 | ||
| 245 | |a Diseño de instalación eléctrica y de iluminación par el proyecto de rehabilitación del estadio municipal Pipilo Umaña de Moravia | ||
| 260 | |a [San José ], Costa Rica |c 2017 | ||
| 300 | |a xvi, 36[62] hojas; ilustraciones a color | ||
| 500 | |a "IE-0499 Proyecto eléctrico”, Proyecto de graduación (bachillerato en ingeniería eléctrica)--Universidad de Costa Rica. Facultad de Ingeniería. Escuela de Ingeniería Eléctrica | ||
| 501 | |a Profesor Guía de IE-0499 Proyecto Eléctrico: Dr. Jorge Arturo Romero Chacón, Ph.D. | ||
| 650 | |x ALUMBRADO ELECTRICO - DISEÑO |x INSTALACIONES ELECTRICAS - DISEÑO |9 10082 | ||
| 700 | |a Romero Chacón, Jorge Arturo, 1961- |d Director de Proyecto Eléctrico |9 812 | ||
| 942 | |c TFG |h TFG 7865 |i 012714 |6 TFG_7865_012714000000000 | ||
| 999 | |c 19093 |d 19093 | ||
